000 00428nam a2200181Ia 4500
001 3084
005 20260306144854.0
008 260306t1997||||xx |||||||||||||| ||spa||
041 _aESP
082 _a249.8
_bL15
100 _aLaffitte, Jean
_eAUT
245 0 _aAmor conyugal y vocación a la santidad
260 _c1997
300 _a186 páginas :
_c23 cm.
650 _aGEN
654 _aCHU
942 _cLIB
_dJUS
_fJUS
_2ddc
_n
999 _c3084
_d3084